<?xml version="1.0" encoding="UTF-8"?>
<collection xmlns="http://www.loc.gov/MARC21/slim">
 <record>
  <leader>00654nam a22001811  4500</leader>
  <controlfield tag="001">1/17625</controlfield>
  <controlfield tag="008">010716s1968    enk                 eng  </controlfield>
  <datafield tag="035" ind1=" " ind2=" ">
   <subfield code="l">18150</subfield>
  </datafield>
  <datafield tag="040" ind1=" " ind2=" ">
   <subfield code="a">DLC</subfield>
   <subfield code="b">GR-PeUP</subfield>
  </datafield>
  <datafield tag="082" ind1="0" ind2="0">
   <subfield code="a">001.6'42 KN</subfield>
  </datafield>
  <datafield tag="100" ind1="1" ind2=" ">
   <subfield code="a">Knuth, Donald Ervin,</subfield>
   <subfield code="d">1938-</subfield>
  </datafield>
  <datafield tag="245" ind1="1" ind2="0">
   <subfield code="a">The art of computer programming, vol. 1:</subfield>
   <subfield code="b">fundamental argorithms</subfield>
   <subfield code="c">/Donald E. Knuth</subfield>
  </datafield>
  <datafield tag="260" ind1=" " ind2=" ">
   <subfield code="a">Reading:</subfield>
   <subfield code="b">Addison-Wesley pub.co.,</subfield>
   <subfield code="c">1968</subfield>
  </datafield>
  <datafield tag="300" ind1=" " ind2=" ">
   <subfield code="a">634 p.;</subfield>
   <subfield code="c">22cm.</subfield>
  </datafield>
  <datafield tag="500" ind1=" " ind2=" ">
   <subfield code="a">Includes index</subfield>
  </datafield>
  <datafield tag="650" ind1=" " ind2="4">
   <subfield code="a">Electronic digital computers</subfield>
   <subfield code="x">Programming.</subfield>
  </datafield>
  <datafield tag="852" ind1=" " ind2=" ">
   <subfield code="a">INST</subfield>
   <subfield code="b">UNIPILB</subfield>
   <subfield code="c">MAIN</subfield>
   <subfield code="e">20040709</subfield>
   <subfield code="h">001.6'42 KN</subfield>
   <subfield code="p">00136516</subfield>
   <subfield code="q">00136516</subfield>
   <subfield code="t">LOAN</subfield>
   <subfield code="v">v.1:</subfield>
   <subfield code="y">0</subfield>
   <subfield code="z">v.1</subfield>
   <subfield code="4">1</subfield>
  </datafield>
  <datafield tag="853" ind1=" " ind2=" ">
   <subfield code="a">INST</subfield>
   <subfield code="b">UNIPILB</subfield>
   <subfield code="c">MAIN</subfield>
   <subfield code="h">001.6'42 KN</subfield>
   <subfield code="l">v.1</subfield>
  </datafield>
 </record>
</collection>
